Statistics for All Eric Church Songs

Click here to take the quiz!

General Stats

  • This quiz has been taken 26 times
  • The average score is 34 of 74

Answer Stats

AlbumSong% Correct
Desperate ManDesperate Man
94%
Mr. MisunderstoodMr. Misunderstood
88%
ChiefSpringsteen
88%
Sinners Like MeSinners Like Me
82%
CarolinaCarolina
76%
The OutsidersTalladega
76%
The OutsidersThe Outsiders
76%
ChiefDrink in My Hand
71%
Mr. MisunderstoodKnives of New Orleans
71%
Mr. MisunderstoodRecord Year
71%
The OutsidersGive Me Back My Hometown
65%
ChiefHomeboy
65%
CarolinaLove Your Love the Most
65%
ChiefCreepin'
59%
ChiefLike Jesus Does
59%
CarolinaSmoke a Little Smoke
59%
CarolinaAin't Killed Me Yet
53%
ChiefKeep On
53%
Desperate ManMonsters
53%
Desperate ManSome of It
53%
The OutsidersA Man Who Was Gonna Die Young
47%
Caldwell CountyChevy Van
47%
The OutsidersCold One
47%
ChiefCountry Music Jesus
47%
The OutsidersDevil, Devil (Prelude: Princess of Darkness)
47%
ChiefI'm Gettin' Stoned
47%
Mr. MisunderstoodKill a Word
47%
Mr. MisunderstoodMistress Named Music
47%
Sinners Like MePledge Allegiance to the Hag
47%
The OutsidersRoller Coaster Ride
47%
Mr. MisunderstoodRound Here Buzz
47%
SingleStick That in Your Country Song
47%
The OutsidersThe Joint
47%
Sinners Like MeThese Boots
47%
Mr. MisunderstoodThree Year Old
47%
Sinners Like MeBefore She Does
41%
The OutsidersBroke Record
41%
Mr. MisunderstoodChattanooga Lucy
41%
The OutsidersDark Side
41%
Desperate ManDrowning Man
41%
Sinners Like MeGuys Like Me
41%
CarolinaHell on the Heart
41%
Desperate ManHippie Radio
41%
Sinners Like MeHow 'Bout You
41%
ChiefJack Daniels
41%
Sinners Like MeLightning
41%
The OutsidersLike a Wrecking Ball
41%
Sinners Like MeLivin' Part of Life
41%
ChiefOver When It's Over
41%
Desperate ManSolid
41%
The OutsidersThat's Damn Rock & Roll
41%
Desperate ManThe Snake
41%
Sinners Like MeTwo Pink Lines
41%
Sinners Like MeWhat I Almost Was
41%
CarolinaWhere She Told Me to Go
41%
Sinners Like MeCan't Take It with You
35%
Desperate ManHigher Wire
35%
Mr. MisunderstoodHoldin' My Own
35%
ChiefHungover & Hard Up
35%
CarolinaLotta Boot Left to Fill
35%
Mr. MisunderstoodMixed Drinks About Feelings
35%
Desperate ManHangin' Around
29%
Desperate ManHeart Like a Wheel
29%
Desperate ManJukebox and a Bar
29%
Sinners Like MeThe Hard Way
29%
CarolinaThose I've Loved
29%
CarolinaYou Make It Look So Easy
29%
CarolinaYoung and Wild
29%
CarolinaFaster Than My Angels Can Fly
24%
CarolinaHis Kind of Money (My Kind of Love)
24%
CarolinaLonger Gone
24%
CarolinaWithout You Here
18%
CarolinaMy Heart's Got a Memory
12%
ChiefLovin' Me Anyway
0%

Score Distribution

Percentile by Number Answered

Percent of People with Each Score

Your Score History

You have not taken this quiz